[Event "Capablanca Memorial op 49th"]
[Site "Havana"]
[Date "2014.05.10"]
[Round "3"]
[White "Bueno Perez, Lazaro A"]
[Black "Aguero Jimenez, Luis Lazaro"]
[Result "1/2-1/2"]
[WhiteElo "2225"]
[BlackElo "2416"]
[PlyCount "133"]
[EventDate "2014.04.08"]
[EventType "swiss"]
[EventRounds "10"]
[EventCountry "CUB"]
[SourceTitle "CBM 160 Extra"]
[Source "ChessBase"]
[SourceDate "2014.07.01"]
[SourceVersion "1"]
[SourceVersionDate "2014.07.01"]
[SourceQuality "1"]

1. e4 d5 2. exd5 Qxd5 3. Nc3 Qd6 4. d4 Nf6 5. Nf3 a6 6. Be2 Nc6 7. h3 Bf5 8. 0-0 e6 9. Be3 Be7 10. Qd2 0-0 11. a3 Rad8 12. Rad1 Ne4 13. Nxe4 Bxe4 14. Bf4 Qd7 15. c3 b5 16. Qe3 Bd5 17. Bd3 Bf6 18. Bg5 Qe7 19. Bxf6 Qxf6 20. Ng5 g6 21. f4 Na5 22. b4 Nc4 23. Bxc4 Bxc4 24. Rf2 Ra8 25. Ne4 Qd8 26. Nc5 Qd5 27. Qe5 Qxe5 28. fxe5 a5 29. Re1 axb4 30. axb4 Rfd8 31. Re3 Ra1+ 32. Kh2 Bd5 33. h4 h6 34. Rg3 Kg7 35. Rg4 Ra2 36. Rxa2 Bxa2 37. Ne4 Ra8 38. Nf6 Kf8 39. Rf4 Ra3 40. Rf3 Bc4 41. Nd7+ Ke7 42. Nf6 Ra8 43. Kg3 Kf8 44. Nd7+ Kg7 45. Nf6 h5 46. Kh2 Be2 47. Rf2 Bd3 48. Rd2 Bc4 49. Rf2 Ra3 50. Rf3 Ra2 51. Ne8+ Kf8 52. Nf6 c6 53. Nd7+ Ke8 54. Nf6+ Ke7 55. Ng8+ Kf8 56. Nf6 Rc2 57. Kg3 Be2 58. Rf2 Rxc3+ 59. Kh2 Bc4 60. Nh7+ Ke8 61. Ng5 Rb3 62. Nxf7 Rxb4 63. Nd6+ Kd8 64. Rf8+ Kc7 65. Rf1 Kb8 66. Rf8+ Ka7 67. Rf7+ 1/2-1/2

[Event "Isla Guitart op"]
[Site "Isla Guitart "]
[Date "1994.??.??"]
[Round "?"]
[White "Larduet Despaigne, Carlos"]
[Black "Bueno Perez, Lazaro A"]
[Result "1/2-1/2"]
[WhiteElo "2300"]
[BlackElo "2240"]
[PlyCount "58"]
[EventDate "1994.??.??"]
[EventType "swiss"]
[EventRounds "9"]
[EventCountry "CUB"]
[SourceTitle "EXT 2000"]
[Source "ChessBase"]
[SourceDate "1999.11.16"]
[SourceVersion "1"]
[SourceVersionDate "1999.11.16"]
[SourceQuality "1"]

1. e4 c5 2. Nf3 Nc6 3. Bb5 Qb6 4. Nc3 e6 5. 0-0 Nd4 6. a4 Ne7 7. Nxd4 cxd4 8. Ne2 a6 9. Bd3 Nc6 10. c3 Be7 11. a5 Qa7 12. Qa4 dxc3 13. bxc3 0-0 14. Ba3 d6 15. Bb1 Bd7 16. d4 Rac8 17. Qc2 e5 18. Qd1 exd4 19. cxd4 Nxa5 20. Bxd6 Bxd6 21. Rxa5 Bb5 22. e5 Bb4 23. Rxb5 axb5 24. Be4 g6 25. Qd3 Rfd8 26. Qxb5 Rxd4 27. Nxd4 Qxd4 28. Qxb7 Rd8 29. e6 fxe6 1/2-1/2

[Event "Havana op"]
[Site "Havana"]
[Date "1992.??.??"]
[Round "?"]
[White "De la Paz Perdomo, Frank"]
[Black "Bueno Perez, Lazaro A"]
[Result "1/2-1/2"]
[WhiteElo "2230"]
[BlackElo "2250"]
[PlyCount "85"]
[EventDate "1992.??.??"]
[EventType "swiss"]
[EventRounds "9"]
[EventCountry "CUB"]
[SourceTitle "EXT 2000"]
[Source "ChessBase"]
[SourceDate "1999.11.16"]
[SourceVersion "1"]
[SourceVersionDate "1999.11.16"]
[SourceQuality "1"]

1. e4 c5 2. c3 d5 3. exd5 Qxd5 4. d4 Nc6 5. Nf3 cxd4 6. cxd4 e6 7. Nc3 Qd8 8. Bb5 Nf6 9. 0-0 Be7 10. Ne5 Bd7 11. Qa4 Qc8 12. Be3 a6 13. Nxd7 Qxd7 14. Bxc6 Qxc6 15. Qxc6+ bxc6 16. Rac1 Rb8 17. Rc2 Kd7 18. Rfc1 Rhc8 19. Bf4 Rb4 20. Be5 Ne8 21. a3 Rb3 22. Na4 f6 23. Bg3 g5 24. f3 Ng7 25. Bf2 Bd6 26. d5 exd5 27. Nb6+ Rxb6 28. Bxb6 Ne6 29. b4 Nf4 30. g3 Nd3 31. Rd1 Ne5 32. Kg2 Re8 33. Bc5 Bc7 34. a4 Rb8 35. Rd4 Nf7 36. Re2 Be5 37. Rd1 Nd6 38. Rde1 Rg8 39. Rd1 Rb8 40. Kf1 Nf5 41. Rd3 Nd6 42. Kg2 Nf5 43. Rd1 1/2-1/2

[Event "Havana Radio Rebelde op 1st"]
[Site "Havana"]
[Date "1981.07.30"]
[Round "7"]
[White "Hernandez, Jose de Jesus"]
[Black "Bueno Perez, Lazaro A"]
[Result "0-1"]
[WhiteElo "2310"]
[BlackElo "2320"]
[PlyCount "72"]
[EventDate "1981.07.26"]
[EventType "swiss"]
[EventRounds "9"]
[EventCountry "CUB"]
[SourceTitle "EXT 2023"]
[Source "ChessBase"]
[SourceDate "2022.10.05"]
[SourceVersion "1"]
[SourceVersionDate "2022.10.05"]
[SourceQuality "1"]

1. d4 Nf6 2. c4 e6 3. Nc3 d5 4. cxd5 exd5 5. Bg5 Be7 6. e3 0-0 7. Bd3 c6 8. Qc2 Nbd7 9. Nf3 h6 10. Bf4 Re8 11. 0-0 Bf8 12. h3 g6 13. Rab1 Bg7 14. b4 Qe7 15. Na4 Ne4 16. Rfc1 Nb6 17. Nc5 Bf5 18. Rb3 g5 19. Be5 f6 20. Bh2 h5 21. Bxe4 Bxe4 22. Nxe4 dxe4 23. Nd2 a6 24. Qc5 Nd5 25. Nc4 Qe6 26. Nb6 Bf8 27. Qa5 Rad8 28. Na4 h4 29. Nc5 Qc8 30. Qa4 g4 31. hxg4 Qxg4 32. Rb2 h3 33. Bg3 hxg2 34. f3 exf3 35. Nxb7 Qxg3 36. Nxd8 Bd6 0-1

[Event "Capablanca Memorial-16 Premier I"]
[Site "Cienfuegos"]
[Date "1980.06.01"]
[Round "9"]
[White "Bueno Perez, Lazaro A"]
[Black "Huertas Soris, Ramon Antonio"]
[Result "0-1"]
[WhiteElo "2355"]
[BlackElo "2285"]
[PlyCount "100"]
[EventDate "1980.05.20"]
[EventType "tourn"]
[EventRounds "13"]
[EventCountry "CUB"]
[EventCategory "7"]
[SourceTitle "EXT 2020"]
[Source "ChessBase"]
[SourceDate "2019.10.17"]
[SourceVersion "1"]
[SourceVersionDate "2019.10.17"]
[SourceQuality "1"]

1. e4 e6 2. d4 d5 3. Nc3 Bb4 4. e5 Ne7 5. a3 Bxc3+ 6. bxc3 c5 7. Nf3 Bd7 8. Bd3 Qa5 9. 0-0 cxd4 10. cxd4 Nbc6 11. Be2 f6 12. exf6 gxf6 13. Nh4 0-0-0 14. f4 Ng6 15. Nf3 Nce7 16. g4 h6 17. Qe1 Qc7 18. Nh4 Rdg8 19. Nxg6 Rxg6 20. Kh1 f5 21. gxf5 Nxf5 22. Bh5 Rf6 23. Qe5 Rhf8 24. Rg1 Nd6 25. Bg6 Bc6 26. f5 exf5 27. Bxh6 Ne4 28. Qxc7+ Kxc7 29. Bxf8 Rxf8 30. Bh5 Nc3 31. Rg7+ Kb6 32. Rg3 Ne4 33. Rf3 Ba4 34. Rc1 Nd2 35. Rf4 Ka5 36. h4 Ne4 37. Bg6 Ng3+ 38. Kg2 Ne2 39. Rxf5 Rg8 40. Rxd5+ b5 41. Rf1 Rxg6+ 42. Kf3 Nc3 43. Rg5 Rf6+ 44. Kg2 Rxf1 45. Kxf1 Bxc2 46. h5 Ne4 47. Rg7 Nf6 48. h6 Bd3+ 49. Ke1 Kb6 50. Rf7 Nh7 0-1

[Event "Capablanca Memorial-16 Premier I"]
[Site "Cienfuegos"]
[Date "1980.05.23"]
[Round "4"]
[White "Garcia Martinez, Silvino"]
[Black "Bueno Perez, Lazaro A"]
[Result "1-0"]
[WhiteElo "2505"]
[BlackElo "2355"]
[PlyCount "77"]
[EventDate "1980.05.20"]
[EventType "tourn"]
[EventRounds "13"]
[EventCountry "CUB"]
[EventCategory "7"]
[SourceTitle "EXT 1999"]
[Source "ChessBase"]
[SourceDate "1998.11.16"]
[SourceVersion "1"]
[SourceVersionDate "1998.11.16"]
[SourceQuality "1"]

1. c4 e5 2. Nc3 Nf6 3. Nf3 Nc6 4. e3 d6 5. d4 g6 6. Be2 Bg7 7. b4 0-0 8. b5 exd4 9. exd4 Ne7 10. a4 a5 11. 0-0 b6 12. Ba3 h6 13. Rc1 g5 14. Re1 Ng6 15. g3 Nd7 16. Qd3 Bb7 17. Nd2 f5 18. Bh5 Ne7 19. Qe3 Nf6 20. Bf3 Bxf3 21. Nxf3 Re8 22. Qe6+ Kh8 23. Qf7 Qd7 24. c5 dxc5 25. dxc5 Neg8 26. Qc4 Ne4 27. Nxe4 fxe4 28. Rxe4 Qf5 29. Rce1 Rf8 30. R1e3 Rfd8 31. Qe6 Qxe6 32. Rxe6 bxc5 33. Bxc5 Rd1+ 34. Kg2 Rad8 35. h3 Ra1 36. Ba3 Nf6 37. Bb2 Nd5 38. Re8+ Kh7 39. R3e7 1-0

[Event "Capablanca Memorial-16 Premier I"]
[Site "Cienfuegos"]
[Date "1980.05.22"]
[Round "3"]
[White "Bueno Perez, Lazaro A"]
[Black "Fernandez Gonzalez, Juan Carlos"]
[Result "0-1"]
[WhiteElo "2355"]
[BlackElo "2390"]
[PlyCount "84"]
[EventDate "1980.05.20"]
[EventType "tourn"]
[EventRounds "13"]
[EventCountry "CUB"]
[EventCategory "7"]
[SourceTitle "EXT 1999"]
[Source "ChessBase"]
[SourceDate "1998.11.16"]
[SourceVersion "1"]
[SourceVersionDate "1998.11.16"]
[SourceQuality "1"]

1. e4 c5 2. Nf3 d6 3. d4 cxd4 4. Nxd4 Nf6 5. Nc3 e6 6. g4 h6 7. g5 hxg5 8. Bxg5 Nc6 9. Qd2 Qb6 10. 0-0-0 Nxd4 11. Qxd4 Qxd4 12. Rxd4 a6 13. Be2 Bd7 14. h4 Bc6 15. Bf3 Nd7 16. h5 Nc5 17. Re1 e5 18. Rd2 f5 19. Nd5 Bxd5 20. exd5 Be7 21. Bxe7 Kxe7 22. Rg1 Rag8 23. Rg5 g6 24. Rd1 gxh5 25. Rxf5 h4 26. Rh1 Rf8 27. Rxf8 Rxf8 28. Bg4 Rh8 29. f3 Kf6 30. Kd2 Kg5 31. Ke3 Na4 32. b3 Nc3 33. Be6 Nxa2 34. c4 b6 35. Rg1+ Kf6 36. Bh3 Nb4 37. Ke4 a5 38. f4 exf4 39. Kxf4 Nd3+ 40. Kf3 Nc5 41. Re1 Rg8 42. Bg4 Nxb3 0-1

[Event "Capablanca Memorial-16 Premier I"]
[Site "Cienfuegos"]
[Date "1980.05.20"]
[Round "1"]
[White "Bueno Perez, Lazaro A"]
[Black "Ivanov, Igor Vasilievich"]
[Result "1-0"]
[WhiteElo "2355"]
[BlackElo "2430"]
[PlyCount "43"]
[EventDate "1980.05.20"]
[EventType "tourn"]
[EventRounds "13"]
[EventCountry "CUB"]
[EventCategory "7"]
[SourceTitle "EXT 1999"]
[Source "ChessBase"]
[SourceDate "1998.11.16"]
[SourceVersion "1"]
[SourceVersionDate "1998.11.16"]
[SourceQuality "1"]

1. e4 c5 2. Nf3 Nc6 3. d4 cxd4 4. Nxd4 g6 5. Nxc6 bxc6 6. Qd4 f6 7. Bc4 e5 8. Qd3 Ne7 9. Nc3 Bb7 10. f4 d5 11. exd5 cxd5 12. Bb5+ Kf7 13. fxe5 fxe5 14. 0-0+ Kg7 15. Bg5 Qb6+ 16. Kh1 e4 17. Qg3 Qe6 18. Rf6 Qc8 19. Qe5 Kg8 20. Rxf8+ Qxf8 21. Bxe7 Qf5 22. Bf6 1-0

[Event "Havana Juventud Rebelde 3rd"]
[Site "Havana"]
[Date "1978.04.13"]
[Round "2"]
[White "Bueno Perez, Lazaro A"]
[Black "Diaz Diaz, Joaquin Carlos"]
[Result "0-1"]
[WhiteElo "2350"]
[BlackElo "2340"]
[PlyCount "112"]
[EventDate "1978.04.12"]
[EventType "tourn"]
[EventRounds "17"]
[EventCountry "CUB"]
[SourceTitle "EXT 2023"]
[Source "ChessBase"]
[SourceDate "2022.10.05"]
[SourceVersion "1"]
[SourceVersionDate "2022.10.05"]
[SourceQuality "1"]

1. e4 c5 2. c3 g6 3. d4 cxd4 4. cxd4 Bg7 5. Nc3 d6 6. Bb5+ Bd7 7. Bxd7+ Nxd7 8. Nge2 Ngf6 9. 0-0 0-0 10. h3 b5 11. a3 Qb6 12. Nf4 Qb7 13. Qe2 e6 14. e5 Ne8 15. d5 dxe5 16. dxe6 Nc5 17. exf7+ Rxf7 18. Nd3 Nb3 19. Rb1 Nd6 20. Be3 Nd4 21. Qg4 N6f5 22. Bxd4 exd4 23. Ne4 h5 24. Qe2 Re7 25. Ndc5 Qd5 26. Qd3 Rae8 27. f3 Ne3 28. Rfe1 Nc4 29. Red1 g5 30. a4 g4 31. Qb3 gxf3 32. gxf3 bxa4 33. Qa2 Rb8 34. Rd2 Rf7 35. Rg2 Ne3 36. Qxd5 Nxd5 37. Nd6 Nf4 38. Nxf7 Nxg2 39. Kxg2 Kxf7 40. Nxa4 d3 41. Rd1 Rb4 42. Nc5 Rxb2+ 43. Kg3 d2 44. Ne4 Bh6 45. f4 Rb4 46. Nxd2 Bxf4+ 47. Kf3 Rd4 48. Ra1 Bxd2 49. Rxa7+ Kg6 50. Re7 Kg5 51. Re5+ Kh4 52. Kg2 Bf4 53. Rf5 Rd2+ 54. Kf3 Bg3 55. Ra5 Rf2+ 56. Ke3 Rf8 0-1

[Event "Leipzig DSV"]
[Site "Leipzig"]
[Date "1977.12.05"]
[Round "5"]
[White "Petrosian, Arshak B"]
[Black "Bueno Perez, Lazaro A"]
[Result "1-0"]
[WhiteElo "2345"]
[BlackElo "2320"]
[PlyCount "57"]
[EventDate "1977.12.01"]
[EventType "tourn"]
[EventRounds "15"]
[EventCountry "DDR"]
[EventCategory "9"]
[SourceTitle "EXT 2000"]
[Source "ChessBase"]
[SourceDate "1999.11.16"]
[SourceVersion "1"]
[SourceVersionDate "1999.11.16"]
[SourceQuality "1"]

1. Nf3 Nf6 2. d4 e6 3. c4 b6 4. e3 Bb7 5. Bd3 Ne4 6. 0-0 f5 7. Nbd2 Bd6 8. Re1 0-0 9. Nf1 Rf6 10. Ng3 Rh6 11. Qc2 Na6 12. a3 Ng5 13. Nxg5 Qxg5 14. e4 f4 15. Nf1 Qh4 16. Bd2 Rg6 17. f3 Qh3 18. Ng3 Qh4 19. Nf1 Nc5 20. dxc5 Bxc5+ 21. Kh1 Rxg2 22. Kxg2 Qf2+ 23. Kh3 Qxf3+ 24. Ng3 g5 25. Qd1 g4+ 26. Kh4 Be7+ 27. Kh5 Qg2 28. Qxg4+ Kf7 29. Re2 1-0